=LDR 00000nam 2200000 4500 =001 INLIS000000000025828 =005 20130612124316 =008 ***********************************Ind** =035 ##$$0010-061300000025828 =041 ##$$a Ind =082 ##$$a 636 =090 ##$$a 636, Mul t =100 ##$$a Mulyono, Subangkit =245 ##$$a Teknik pembibitan kambing dan domba, Subangkit Mulyono =260 ##$$a 1999 $b Jakarta =300 ##$$a 88 hlm, ilus, 21 cm =650 ##$$a Kambing =850 ##$$a NBPNMAT